[Event "Fortaleza Schoonenborch op"]
[Site "Fortaleza"]
[Date "2023.03.05"]
[Round "5"]
[White "Silva, Agamenon Viana Da"]
[Black "Costa, Francisco Sergio Vi"]
[Result "0-1"]
[WhiteElo "1502"]
[BlackElo "1437"]
[PlyCount "94"]
[EventDate "2023.03.02"]
[EventType "swiss"]
[EventRounds "6"]
[EventCountry "BRA"]
[SourceTitle "CBM 213 Extra"]
[Source "ChessBase"]
[SourceDate "2023.05.31"]
[SourceVersion "1"]
[SourceVersionDate "2023.05.31"]
[SourceQuality "1"]

1. e4 c5 2. Bc4 d6 3. Nf3 Nf6 4. d3 Nc6 5. c3 g6 6. 0-0 Bg7 7. Re1 0-0 8. d4 Bg4 9. Qd3 Bxf3 10. gxf3 cxd4 11. cxd4 Nd7 12. Nc3 Nxd4 13. Kg2 e6 14. Ne2 Nc5 15. Qd2 Nxe2 16. Rxe2 e5 17. b3 Ne6 18. Bxe6 fxe6 19. Ba3 Qf6 20. Qd3 Rf7 21. Rf1 Raf8 22. Bxd6 Qg5+ 23. Kh1 Rxf3 24. Re3 Rxe3 25. fxe3 Rxf1+ 26. Qxf1 Qxe3 27. Qg2 Qe1+ 28. Qg1 Qxe4+ 29. Qg2 Qb1+ 30. Qg1 Qxa2 31. Qd1 e4 32. Bc5 Qa1 33. Qxa1 Bxa1 34. Bxa7 e5 35. Be3 Bd4 36. Bd2 Kf7 37. Kg2 Kf6 38. Kf1 h5 39. Ke2 g5 40. Be3 g4 41. Bf2 Ke6 42. Be3 Bxe3 43. Kxe3 Kf5 44. b4 b5 45. Ke2 Kf4 46. Kf2 e3+ 47. Ke2 Ke4 0-1

[Event "Fortaleza Schoonenborch op"]
[Site "Fortaleza"]
[Date "2023.03.05"]
[Round "6"]
[White "Sousa, Virginio Aleixo da"]
[Black "Silva, Agamenon Viana Da"]
[Result "1/2-1/2"]
[WhiteElo "1426"]
[BlackElo "1502"]
[PlyCount "78"]
[EventDate "2023.03.02"]
[EventType "swiss"]
[EventRounds "6"]
[EventCountry "BRA"]
[SourceTitle "CBM 213 Extra"]
[Source "ChessBase"]
[SourceDate "2023.05.31"]
[SourceVersion "1"]
[SourceVersionDate "2023.05.31"]
[SourceQuality "1"]

1. d4 d6 2. c4 Nd7 3. Nc3 g6 4. Nf3 Bg7 5. e3 e5 6. Be2 f5 7. dxe5 dxe5 8. e4 Ne7 9. Ng5 Nc5 10. Qxd8+ Kxd8 11. Nf7+ Ke8 12. Nxh8 Bxh8 13. Be3 Nxe4 14. Nxe4 fxe4 15. 0-0 Be6 16. b3 Nc6 17. Rae1 Nd4 18. Bd1 Bg7 19. Bxd4 exd4 20. Rxe4 Kf7 21. Rfe1 Bf5 22. Re7+ Kf6 23. Rxc7 Rd8 24. Ree7 Bh6 25. Rxh7 Bd2 26. Rce7 Bc3 27. Rhf7+ Kg5 28. g3 Rh8 29. Rh7 Rxh7 30. Rxh7 d3 31. f3 Kf6 32. Rxb7 d2 33. Rxa7 Bd4+ 34. Kf1 Bd3+ 35. Kg2 Bxa7 36. f4 Be4+ 37. Kf1 Bd3+ 38. Kg2 Be4+ 39. Kf1 Bd3+ 1/2-1/2

[Event "Fortaleza Cearense-ch"]
[Site "Fortaleza"]
[Date "2021.??.??"]
[Round "4"]
[White "Pereira Lustosa, Jose Maciel"]
[Black "Silva, Agamenon Viana Da"]
[Result "1-0"]
[WhiteElo "1608"]
[BlackElo "1677"]
[PlyCount "111"]
[EventDate "2021.11.12"]
[EventType "swiss"]
[EventRounds "7"]
[EventCountry "BRA"]
[SourceTitle "CBM 205 Extra"]
[Source "ChessBase"]
[SourceDate "2022.01.31"]
[SourceVersion "1"]
[SourceVersionDate "2022.01.31"]
[SourceQuality "1"]

1. e4 e5 2. Bc4 Nf6 3. d3 Be7 4. Nc3 0-0 5. Nge2 Re8 6. 0-0 d6 7. f4 Be6 8. Bxe6 fxe6 9. Bd2 Nc6 10. f5 exf5 11. Rxf5 Rf8 12. a3 d5 13. exd5 Nxd5 14. Rxf8+ Bxf8 15. Ne4 Nf6 16. Bg5 Be7 17. Nxf6+ Bxf6 18. Bxf6 Qxf6 19. Qf1 Rf8 20. Qxf6 Rxf6 21. Rf1 Rxf1+ 22. Kxf1 Nd4 23. Nxd4 exd4 24. Ke2 Kf7 25. Kf3 Ke6 26. Ke4 c5 27. g4 g5 28. h3 b5 29. b4 Kd6 30. Kf5 c4 31. Ke4 cxd3 32. cxd3 Ke6 33. Kxd4 Kd6 34. Ke4 Ke6 35. d4 h6 36. d5+ Kd6 37. Kd4 a6 38. Ke4 Kd7 39. Ke5 Ke7 40. d6+ Kd7 41. Kd5 Kd8 42. Kc6 Kc8 43. d7+ Kd8 44. Kb6 Kxd7 45. Kxa6 Ke6 46. Kxb5 Ke5 47. Kc5 Kf4 48. b5 Kg3 49. b6 Kxh3 50. b7 Kxg4 51. b8Q h5 52. a4 Kf3 53. Qf8+ Kg3 54. Qd6+ Kf3 55. Qd1+ Kf4 56. Qxh5 1-0

[Event "Fortaleza Cearense-ch"]
[Site "Fortaleza"]
[Date "2021.??.??"]
[Round "5"]
[White "Silva, Agamenon Viana Da"]
[Black "Moreira, Mario Wedney De Lim"]
[Result "0-1"]
[WhiteElo "1677"]
[BlackElo "1409"]
[PlyCount "96"]
[EventDate "2021.11.12"]
[EventType "swiss"]
[EventRounds "7"]
[EventCountry "BRA"]
[SourceTitle "CBM 205 Extra"]
[Source "ChessBase"]
[SourceDate "2022.01.31"]
[SourceVersion "1"]
[SourceVersionDate "2022.01.31"]
[SourceQuality "1"]

1. e4 c5 2. Nf3 d6 3. Bc4 e6 4. 0-0 Nf6 5. Re1 Be7 6. c3 0-0 7. d4 cxd4 8. cxd4 Nc6 9. Nc3 a6 10. Bg5 b5 11. Bb3 Bb7 12. Rc1 Rc8 13. h3 Na5 14. e5 Nxb3 15. axb3 dxe5 16. dxe5 Nd5 17. Bxe7 Qxe7 18. Ne4 Rxc1 19. Qxc1 Rc8 20. Qd2 Qb4 21. Nd6 Qxd2 22. Nxd2 Rc2 23. N2e4 Bc6 24. Ng5 Nf4 25. Nde4 h6 26. Nf3 Bxe4 27. Rxe4 Ne2+ 28. Kf1 Nc1 29. Nd4 Rxb2 30. Re3 Rb1 31. Re1 Nxb3 32. Rxb1 Nd2+ 33. Ke2 Nxb1 34. Kd3 Kf8 35. Nc6 Ke8 36. Nb8 a5 37. Nc6 a4 38. Nb4 Kd7 39. Kd4 Kc7 40. Kc5 Nc3 41. f3 a3 42. Nc2 a2 43. Kb4 Nd5+ 44. Kxb5 Ne3 45. Na1 Nxg2 46. Kb4 Kc6 47. Kc4 g5 48. Kd4 Nf4 0-1

[Event "Fortaleza Cearense-ch"]
[Site "Fortaleza"]
[Date "2021.??.??"]
[Round "3"]
[White "Silva, Agamenon Viana Da"]
[Black "Silveira, Jose Wanderley Maci"]
[Result "0-1"]
[WhiteElo "1677"]
[BlackElo "1744"]
[PlyCount "58"]
[EventDate "2021.11.12"]
[EventType "swiss"]
[EventRounds "7"]
[EventCountry "BRA"]
[SourceTitle "CBM 205 Extra"]
[Source "ChessBase"]
[SourceDate "2022.01.31"]
[SourceVersion "1"]
[SourceVersionDate "2022.01.31"]
[SourceQuality "1"]

1. e4 c5 2. Nf3 Nc6 3. Bc4 e6 4. 0-0 g6 5. c3 Bg7 6. d4 cxd4 7. cxd4 Qb6 8. e5 Nge7 9. b3 d5 10. Be2 Nf5 11. Bb2 0-0 12. Na3 a6 13. Rc1 Bd7 14. g4 Nfe7 15. h4 Nb4 16. Ra1 Rac8 17. Ne1 f6 18. f4 fxe5 19. fxe5 Bxe5 20. Rxf8+ Rxf8 21. Nf3 Bg7 22. Nc2 Nxc2 23. Qxc2 Qd6 24. Ne5 Bxe5 25. dxe5 Qb6+ 26. Kh1 Qf2 27. h5 Qh4+ 28. Kg1 Rf2 29. Bd4 Qh2# 0-1